[Event "Groningen op"]
[Site "Groningen"]
[Date "1989.??.??"]
[Round "6"]
[White "Miles, Anthony J"]
[Black "Legky, Nikolay A"]
[Result "1-0"]
[WhiteElo "2520"]
[BlackElo "2420"]

1.d4 f5 2.Nc3 d5 3.Bg5 g6 4.e3 Bg7 5.Bd3 c6 6.Qd2 Be6 7.Nce2 Nd7 8.c3 Ngf6
9.Bxf6 Bxf6 10.f4 Bf7 11.Nf3 e6 12.O-O-O O-O 13.g4 Bg7 14.Rdg1 Nf6 15.Ne5 Ne4
16.Qe1 Kh8 17.Rg2 Bxe5 18.fxe5 Rg8 19.gxf5 exf5 20.h4 Qe7 21.Nf4 Rg7 22.Qg1 Rag8
23.Qh2 Be8 24.Kb1 Bf7 25.Rhg1 Be8 26.a3 b5 27.Bxe4 fxe4 28.e6 a5 29.b4 a4
30.Rh1 Qf6 31.Rg3 Qe7 32.Rh3 Qf6 33.Kc1 Rf8 34.Qg3 Rfg8 35.Kd2 Rf8 36.Ke1 Rfg8
37.R3h2 Qe7 38.Qh3 Rf8 39.Qg4 Qf6 40.Rf2 Qe7 41.Rhf1 Rf5 42.h5 Qf6 43.hxg6 hxg6
44.Nh5 gxh5 45.Qxf5 Qxf5 46.Rxf5 Re7 47.Re5 Kg7 48.Rf4 Kg6 49.Kf2 Kg7 50.Kg3 Kg6
51.Kh4 Kh6 52.Rg5 Kh7 53.Rf6 Rc7 54.Kg3 Rg7 55.Rxg7+ Kxg7 56.Rf4  1-0

[Event "Groningen op"]
[Site "Groningen"]
[Date "1989.??.??"]
[Round "8"]
[White "Miles, Anthony J"]
[Black "Kirov, Nino"]
[Result "1-0"]
[WhiteElo "2520"]
[BlackElo "2470"]

1.d4 d5 2.c4 c6 3.Bf4 Nf6 4.e3 e6 5.Nc3 Bd6 6.Bg3 O-O 7.Nf3 b6 8.Bd3 Bb7
9.e4 dxe4 10.Nxe4 Bb4+ 11.Ke2 Nxe4 12.Bxe4 Nd7 13.Bc2 Be7 14.Qd3 g6 15.h4 h5
16.Bf4 b5 17.c5 b4 18.Bb3 Re8 19.Bc4 a5 20.Rag1 Kg7 21.g4 Rh8 22.Rh3 hxg4
23.Rxg4 Nf6 24.Be5 Kf8 25.Rg1 Nd5 26.Ng5 Bxg5 27.hxg5 Rxh3 28.Qxh3 Ke7 29.Qf3 Qc8
30.Bd6+ Ke8 31.Rh1 Ba6  1-0

[Event "Lugano op"]
[Site "Lugano"]
[Date "1989.??.??"]
[Round "1"]
[White "Leuba, Didier"]
[Black "Miles, Anthony J"]
[Result "0-1"]
[WhiteElo "2300"]
[BlackElo "2520"]

1.d4 d6 2.e4 Nf6 3.Nc3 g6 4.h3 Bg7 5.Nf3 O-O 6.Be3 a6 7.a4 b6 8.Bc4 e6 9.O-O Bb7
10.d5 e5 11.g4 Nbd7 12.Nd2 Kh8 13.Ne2 Ng8 14.Bd3 Nc5 15.Ra3 Qh4 16.Kg2 f5
17.f3 Bh6 18.Bf2 Qg5 19.Nc4 fxe4 20.fxe4 Qe7 21.b4 Nxd3 22.Qxd3 Rf7 23.Raa1 Raf8
24.Bg3 Bc8 25.a5 b5 26.Na3 Bg5 27.c4 bxc4 28.Qxc4 h5 29.gxh5 Bxh3+ 30.Kxh3 Rxf1
31.Rxf1 Rxf1 32.hxg6 Qf6 33.b5 Qf3  0-1

[Event "Lugano op"]
[Site "Lugano"]
[Date "1989.??.??"]
[Round "2"]
[White "Miles, Anthony J"]
[Black "Langeweg, Kick"]
[Result "1-0"]
[WhiteElo "2520"]
[BlackElo "2365"]

1.d4 Nf6 2.Nf3 e6 3.c4 b6 4.a3 Bb7 5.Nc3 d5 6.cxd5 Nxd5 7.Qc2 Nxc3 8.bxc3 c5
9.e4 Nd7 10.Bf4 Be7 11.Bd3 Qc8 12.Qa4 O-O 13.O-O Nf6 14.Rfe1 cxd4 15.cxd4 Qc3
16.Qb5 Rac8 17.Qb1 Nh5 18.Be3 Qc7 19.Ne5 Nf6 20.h3 Qb8 21.a4 Rc3 22.Bd2 Ra3
23.Rxa3 Bxa3 24.Nc4 Be7 25.e5 Nd5 26.Bxh7+ Kh8 27.Bd3 Qe8 28.Qd1 g6 29.Bh6 Rg8
30.Qf3 Ba8 31.Nd6 Bxd6 32.exd6 Qd7 33.Re4 Rc8 34.Rh4 Kg8 35.Qg3 Rc3 36.Qe5 f6
37.Qg3 g5 38.Bxg5 fxg5 39.Qxg5+ Qg7 40.Qd8+ Kf7 41.Rh7  1-0

[Event "Lugano op"]
[Site "Lugano"]
[Date "1989.??.??"]
[Round "3"]
[White "Marinelli, Tullio"]
[Black "Miles, Anthony J"]
[Result "0-1"]
[WhiteElo "2260"]
[BlackElo "2520"]

1.d4 Nf6 2.c4 c5 3.d5 e5 4.Nc3 d6 5.e4 Be7 6.g3 O-O 7.Bg2 Ne8 8.Nge2 Na6
9.O-O Bd7 10.Be3 Nec7 11.f4 Bf6 12.f5 b5 13.b3 Rb8 14.Qd2 Qe7 15.g4 h6 16.Ng3 Bg5
17.cxb5 Nxb5 18.Nxb5 Rxb5 19.Nh5 f6 20.Bxg5 fxg5 21.Rf2 Nc7 22.Bf1 Rb7 23.Rg2 Be8
24.h4 Bf7 25.Bc4 Ne8 26.Kf2 Bxh5 27.hxg5 Qxg5 28.Qxg5 hxg5 29.gxh5 Nf6 30.Ke3 g4
31.Rh1 Kh7 32.h6 gxh6 33.Rgh2 h5  0-1

[Event "Lugano op"]
[Site "Lugano"]
[Date "1989.??.??"]
[Round "5"]
[White "Lev, Ronen"]
[Black "Miles, Anthony J"]
[Result "0-1"]
[WhiteElo "2415"]
[BlackElo "2520"]

1.d4 d6 2.c4 e5 3.Nf3 e4 4.Ng5 f5 5.Nc3 c6 6.Qb3 Na6 7.Bd2 Nc7 8.g4 Be7 9.h4 h6
10.Nh3 Ne6 11.Be3 fxg4 12.Nf4 Nxf4 13.Bxf4 Nf6 14.Bg2 O-O 15.e3 Be6 16.Qxb7 Bxc4
17.Qxc6 Rc8 18.Qb7 Rb8 19.Qc6 Rc8 20.Qb7 Rc7 21.Qb4 a5 22.Qxa5 Qb8 23.b3 Ra7
24.Qf5 Qb4 25.Rc1 Bd3 26.Qe6+ Kh8 27.Bf1 Rc7 28.Bxd3 exd3 29.a3 Qb7 30.e4 Rxc3
31.Rxc3 Nxe4 32.Rc7 Qxc7 33.Qxe4 Qc3+ 34.Kf1 d5 35.Qe3 Bf6 36.Kg2 Bxd4 37.Qg3 Qc2
38.Rc1 Qe2 39.Be3 d2  0-1

[Event "Lugano op"]
[Site "Lugano"]
[Date "1989.??.??"]
[Round "7"]
[White "Miles, Anthony J"]
[Black "Lautier, Joel"]
[Result "0-1"]
[WhiteElo "2520"]
[BlackElo "2450"]

1.d4 Nf6 2.c4 e6 3.Nf3 b6 4.a3 Bb7 5.Nc3 d5 6.cxd5 Nxd5 7.Qc2 c5 8.e4 Nxc3
9.bxc3 Nc6 10.Bb2 cxd4 11.cxd4 Rc8 12.Rd1 Bd6 13.Qb1 Qe7 14.Qa2 Na5 15.Bb5+ Bc6
16.Bxc6+ Rxc6 17.d5 exd5 18.Nd4 Rc5 19.e5 Qxe5+ 20.Ne2 Qg5 21.h4 Qh6 22.Rxd5 Qe6
23.Bxg7 Rxd5 24.O-O Rg8 25.Nc3 Rc5  0-1

[Event "Lugano op"]
[Site "Lugano"]
[Date "1989.??.??"]
[Round "8"]
[White "Browne, Walter S"]
[Black "Miles, Anthony J"]
[Result "1/2-1/2"]
[WhiteElo "2535"]
[BlackElo "2520"]

1.d4 d6 2.e4 Nf6 3.Nc3 g6 4.Nf3 Bg7 5.Be2 O-O 6.O-O Bg4 7.Be3 Nc6 8.Qd2 e5
9.dxe5 dxe5 10.Rad1 Qc8 11.Qc1 Rd8 12.Rxd8+ Qxd8 13.Rd1 Qe7 14.h3 Bxf3 15.Bxf3 Rd8
16.Ne2 Rxd1+ 17.Qxd1 Qb4 18.b3 Qa3 19.Qb1 Bf8 20.c3 Bc5 21.Bd2 Bb6 22.Nc1 a5
23.Nd3 Kg7 24.Bc1 Qd6 25.Qc2 Ba7 26.a4 Nd7 27.Be2 Qf6 28.Bg4 Nc5 29.Nxc5 Bxc5
30.Bc8 Nd8 31.b4 Bb6 32.bxa5 Bxa5 33.Qd2 Bb6 34.Ba3 h5 35.Bb4 Qh4 36.a5 Ba7
37.Kf1 Qf6 38.Ke1 Ne6 39.Bxe6 Qxe6 40.Qd5 Qf6 41.Bc5 c6 42.Qc4 Bxc5 43.Qxc5 h4
44.f3 Qe6 45.Qb4 Qd7 46.Qc5 Kf6 47.Ke2 Qc7 48.Qa7 Qe7 49.Kd3 Kg5 50.Qe3+ Kh5
51.Qa7 Kg5 52.Qe3+ Kf6 53.Qb6 Qd7+ 54.Ke2 Qc8 55.Qa7 Ke6 56.Ke3 f6 57.Kd3 Kd6
58.Kc4 Qc7 59.Qa8 Qf7+ 60.Kb4 Kc7 61.a6 Qe7+ 62.Kb3 bxa6 63.Qa7+ Kd6 64.Qxa6 Qf7+
65.Kc2 Qe6 66.Qa3+ Kd7 67.Qa7+ Ke8 68.Qb8+ Kf7 69.Qc7+ Kg8 70.Kd3 Kf8 71.c4 Ke8
72.Qb8+ Ke7 73.Qc7+ Qd7+ 74.Qxd7+ Kxd7 75.Kc3  1/2-1/2

[Event "Mendrisio op"]
[Site "Mendrisio"]
[Date "1989.??.??"]
[Round "3"]
[White "Miles, Anthony J"]
[Black "Indjic, Dusan"]
[Result "1-0"]
[WhiteElo "2580"]
[BlackElo "2360"]

1.c4 g6 2.e4 Bg7 3.d4 c5 4.Nf3 d6 5.d5 Nf6 6.Nc3 O-O 7.Bd3 a6 8.a4 e6 9.h3 exd5
10.cxd5 Nbd7 11.O-O Nh5 12.Bg5 Bf6 13.Bh6 Bg7 14.Qd2 Bxh6 15.Qxh6 Qf6 16.Ng5 Qg7
17.Qxg7+ Kxg7 18.Nf3 Nf4 19.Bc2 f6 20.h4 Ne5 21.Nxe5 fxe5 22.a5 Bd7 23.g3 Nh5
24.Ba4 Bh3 25.Rfb1 Rf3 26.Kh2 Bc8 27.Kg2 Rd3 28.Rd1 Rd4 29.Rxd4 cxd4 30.Nb1 b5
31.axb6 Rb8 32.Nd2 Rxb6 33.Nc4 Rb4 34.b3 Nf6 35.Nxd6 Bd7 36.Bxd7 Nxd7 37.Rxa6 d3
38.Nc4 Nc5 39.Ra7+ Kf8 40.d6 Rxb3 41.Rc7 Ne6 42.Rc8+ Kg7 43.d7  1-0

[Event "Mendrisio op"]
[Site "Mendrisio"]
[Date "1989.??.??"]
[Round "8"]
[White "Gheorghiu, Florin"]
[Black "Miles, Anthony J"]
[Result "1/2-1/2"]
[WhiteElo "2500"]
[BlackElo "2580"]

1.d4 d6 2.c4 e5 3.dxe5 dxe5 4.Qxd8+ Kxd8 5.Nc3 Be6 6.b3 Nd7 7.g3 c6 8.Bh3 Bb4
9.Bd2 Bxh3 10.Nxh3 Ngf6 11.f3 Ke7  1/2-1/2

[Event "New York op"]
[Site "New York"]
[Date "1989.??.??"]
[Round "1"]
[White "Miles, Anthony J"]
[Black "London, Dimitri"]
[Result "0-1"]
[WhiteElo "2520"]
[BlackElo "2380"]

1.Nf3 Nf6 2.g3 g6 3.b3 Bg7 4.Bb2 O-O 5.Bg2 d5 6.O-O Nc6 7.c4 d4 8.b4 d3 9.exd3 Nxb4
10.d4 Bf5 11.Ne1 c5 12.Qb3 Nc6 13.d5 Nd4 14.Bxd4 cxd4 15.d3 Nd7 16.Qa3 b6
17.Nd2 Nc5 18.Ne4 Qc7 19.Nxc5 bxc5 20.Nf3 Rab8 21.Nd2 Rb4 22.Be4 Bh3 23.Rfb1 Rfb8
24.Rxb4 Rxb4 25.Nb3 Qb6 26.Bg2 Bf5 27.Bf1 e6 28.dxe6 Bxe6 29.Re1 a5 30.Bg2 a4
31.Na1 Rb1 32.Nc2 Qb2 33.Qxb2 Rxb2 34.Re2 Rxa2 35.Kf1 Rb2 36.Be4 Rb3 37.Rd2 a3
38.Ke2 Bd7 39.f3 Ba4 40.h4 Bh6 41.f4 Kf8 42.Bf3 Bg7  0-1

[Event "New York op"]
[Site "New York"]
[Date "1989.??.??"]
[Round "5"]
[White "Miles, Anthony J"]
[Black "Stefansson, Hannes"]
[Result "1-0"]
[WhiteElo "2520"]
[BlackElo "2480"]

1.Nf3 Nf6 2.c4 e6 3.Nc3 d5 4.d4 Be7 5.Qc2 O-O 6.Bg5 h6 7.Bxf6 Bxf6 8.e4 dxe4
9.Qxe4 c5 10.O-O-O cxd4 11.Nxd4 Qb6 12.Bd3 g6 13.Bc2 Nc6 14.Na4 Qa5 15.Nxc6 bxc6
16.h4 Rb8 17.h5 Qb4 18.hxg6 Bxb2+ 19.Nxb2 Qxb2+ 20.Kd2 fxg6 21.Rb1 Rxf2+
22.Ke3 Rxc2 23.Rxb2 Rbxb2 24.Qxg6+ Kf8 25.Rf1+ Ke7 26.Qg7+  1-0

[Event "New York op"]
[Site "New York"]
[Date "1989.??.??"]
[Round "8"]
[White "Zapata, Alonso"]
[Black "Miles, Anthony J"]
[Result "1/2-1/2"]
[WhiteElo "2490"]
[BlackElo "2520"]

1.e4 c6 2.Nc3 d5 3.d4 dxe4 4.Nxe4 Bf5 5.Ng3 Bg6 6.Nf3 Nd7 7.h4 h6 8.Bd3 Bxd3
9.Qxd3 Qc7 10.Bd2 e6 11.O-O-O O-O-O 12.c4 Ngf6 13.Bc3 Bd6 14.Ne4 Bf4+ 15.Kb1 Ne5
16.Nxe5 Bxe5 17.Rh3 Rhe8 18.Kc2 Kb8 19.Nc5 Bd6 20.Ne4 Be5 21.Re3 Nxe4 22.Rxe4 Bf6
23.g3 Re7 24.Qe3 Red7 25.f4 a6 26.Rd2 b5 27.b3 Qb6 28.c5 Qc7 29.h5 Rd5 30.g4 a5
31.a3 Qa7 32.Kb1 Kb7 33.Bb2 b4 34.axb4 axb4 35.Rc2 Kc7 36.Rc4 Qa5 37.Qe1 Rb8
38.Qg3 Kc8 39.Kc2 Qd8 40.Qe1 Qa5 41.Qh1 Qc7 42.Qe1 Qb7 43.Qd2 Bd8 44.Re1 Ba5
45.Ra1 Qc7 46.Qe3 Rb5 47.Bc1 Qd8 48.Bd2 Qh4 49.Qf3 Kb7 50.Rh1 Qf6 51.Qe4 Kc8
52.Be1 Qd8 53.Rg1 Qd7 54.Bd2 Rb8 55.Be3 Bd8 56.Ra1 Rb5 57.Qh7 f6 58.Qe4 Ra5
59.Rxa5 Bxa5 60.Kb2 f5 61.gxf5 Rxf5 62.Bd2 Rxh5 63.Bxb4 Bc7 64.Bc3 Rh4 65.Qh7 Rxf4
66.Qg8+ Bd8 67.Ra4 Kb7 68.Rb4+ Kc8 69.Ra4 Kb7 70.Rb4+ Kc8  1/2-1/2

[Event "New York op"]
[Site "New York"]
[Date "1989.??.??"]
[Round "9"]
[White "Miles, Anthony J"]
[Black "Gurevich, Dmitry"]
[Result "1/2-1/2"]
[WhiteElo "2520"]
[BlackElo "2480"]

1.d4 Nf6 2.c4 e6 3.Nc3 Bb4 4.Qc2 O-O 5.a3 Bxc3+ 6.Qxc3 b5 7.cxb5 c6 8.f3 Nd5
9.Qd3 f5 10.e4 Nb6 11.exf5 Rxf5 12.Qe4 cxb5 13.Bd3 Nd5 14.Qg4 Rf8 15.Bh6 Rf7
16.Bg5 Qa5+ 17.Bd2 Qb6 18.Qh4 h6 19.Ne2 Nc6 20.Rc1 b4 21.axb4 Ba6 22.Bxa6 Qxa6
23.Qe4 Rb8 24.O-O Ncxb4 25.Bxb4 Nxb4 26.Nf4 Qb7 27.Qxb7 Rxb7 28.Ng6 Kh7 29.Ne5 Rf8
30.Rfd1 Rfb8 31.Rd2 a5 32.Ra1 Rb5 33.Kf2 Rc8 34.Ke2 Nc2 35.Ra4 Nxd4+ 36.Raxd4 Rxe5+
37.Kf2 d5 38.g4 Rg5 39.Re2 Rg6 40.Ra4 Rc5 41.h4 Rb5 42.Kg3 Kg8 43.Re5 Rf6
44.g5 hxg5 45.hxg5 Rf5 46.Rxf5 exf5 47.Kf4 g6 48.Ke5 Kf7 49.Ra1 Ke7 50.Ra4 Kf7
51.Ra1 d4+ 52.Kxd4 f4 53.Ke4 Rxg5 54.Kxf4 Rb5 55.Kg4 Rb4+ 56.Kg5 Rb5+ 57.Kg4 Kf6
58.f4 Ke6 59.Re1+ Kf6 60.Re2  1/2-1/2

[Event "World op"]
[Site "Philadelphia"]
[Date "1989.??.??"]
[Round "1"]
[White "Kotliar, Mark"]
[Black "Miles, Anthony J"]
[Result "0-1"]
[WhiteElo "2270"]
[BlackElo "2520"]

1.e4 c6 2.d4 d5 3.exd5 cxd5 4.Bd3 Nc6 5.c3 Nf6 6.Bf4 g6 7.Qd2 Bf5 8.Ne2 Ne4
9.Bxe4 Bxe4 10.O-O h6 11.Na3 g5 12.Be3 e6 13.Nc2 Bd6 14.f3 Bg6 15.Bf2 h5
16.Rae1 h4 17.Ne3 Qc7 18.h3 O-O-O 19.b3 Qa5 20.a4 Bb8 21.Kh1 f6 22.Bg1 Rd7
23.Ng4 Qd8 24.Nc1 e5 25.Nd3 Re8 26.dxe5 fxe5 27.Be3 d4 28.cxd4 Nxd4 29.Bxg5 Nxb3
30.Qc3+ Rc7 31.Qxb3 Qxd3 32.Qxd3 Bxd3 33.Rg1 Bc2 34.a5 Rc5 35.Bxh4 Bc7 36.Rc1 Rc6
37.Ne3 Bb3 38.Rxc6 bxc6 39.Re1 Bf7 40.Rc1 Bxa5 41.Rxc6+ Kb7 42.Rd6 Bc7 43.Rd7 Be6
44.Rg7 a5 45.Be1 Ra8 46.Re7 Bb3 47.Ng4 a4 48.Bc3 Kb6 49.Rd7 a3 50.Nxe5 a2
51.Bd4+ Kb7 52.Ba1 Ra5 53.Rd3 Bxe5 54.Rxb3+ Kc6 55.Bxe5 Rxe5 56.Ra3 Re1+
57.Kh2 a1=Q 58.Rxa1 Rxa1 59.Kg3 Ra4 60.f4 Kd5  0-1

[Event "World op"]
[Site "Philadelphia"]
[Date "1989.??.??"]
[Round "2"]
[White "Miles, Anthony J"]
[Black "Hennigan, Michael"]
[Result "1-0"]
[WhiteElo "2520"]
[BlackElo "2345"]

1.d4 g6 2.e4 Bg7 3.Nf3 d6 4.Be2 Nf6 5.Nc3 O-O 6.O-O c5 7.dxc5 dxc5 8.Be3 b6
9.Qc1 Bb7 10.Rd1 Qc8 11.Nd5 Re8 12.Bf4 e5 13.Nxf6+ Bxf6 14.Bh6 Bxe4 15.Ng5 Bb7
16.Bc4 Bxg5 17.Qxg5 Qf5 18.Qe7 Bc6 19.Rd8 Na6 20.Rxa8 Rxa8 21.Rd1  1-0

[Event "World op"]
[Site "Philadelphia"]
[Date "1989.??.??"]
[Round "4"]
[White "Miles, Anthony J"]
[Black "Gruenfeld, Yehuda"]
[Result "1-0"]
[WhiteElo "2520"]
[BlackElo "2535"]

1.c4 Nf6 2.Nc3 e6 3.e4 c5 4.e5 Ng8 5.Nf3 Nc6 6.d4 cxd4 7.Nxd4 Nxe5 8.Ndb5 f6
9.Be3 a6 10.Nd6+ Bxd6 11.Qxd6 Ne7 12.Bb6 Nf5 13.Qc5 Qe7 14.Qa5 h5 15.O-O-O Kf7
16.c5 Nc6 17.Qa3 Qe8 18.Ne4 d5 19.cxd6 Ne5 20.Nc3 Bd7 21.f4 Ng4 22.Bd3 Qc8
23.Bxf5 exf5 24.Rhe1 Re8 25.Re7+ Kg6 26.Kb1 Qc6 27.h3 Rxe7 28.dxe7 Qxb6 29.hxg4 Bc6
30.gxf5+ Kxf5 31.Qd6 Qe3 32.Nd5 Qf2 33.Nc7 Qxg2 34.Qc5+ Kxf4 35.Ne6+ Kg3
36.Qd6+ Kh4 37.Qf4+ Qg4 38.Qh2+  1-0

[Event "World op"]
[Site "Philadelphia"]
[Date "1989.??.??"]
[Round "6"]
[White "Ivanov, Alexander"]
[Black "Miles, Anthony J"]
[Result "1-0"]
[WhiteElo "2470"]
[BlackElo "2520"]

1.e4 c6 2.d4 d5 3.Nd2 dxe4 4.Nxe4 Bf5 5.Ng3 Bg6 6.h4 h6 7.Nf3 Nd7 8.h5 Bh7
9.Bd3 Bxd3 10.Qxd3 Qc7 11.Bd2 e6 12.O-O-O O-O-O 13.Ne4 Ngf6 14.g3 Nxe4 15.Qxe4 Bd6
16.c4 c5 17.d5 Rhe8 18.Bc3 exd5 19.Qxd5 Ne5 20.Qe4 Nxf3 21.Qxf3 f6 22.Rhe1 Rxe1
23.Rxe1 Qd7 24.Rd1 Qe6 25.Rd5 Be7 26.Kc2 Re8 27.b3 Bf8 28.Kd3 b6 29.g4 Kc7
30.Bd2 Bd6 31.Be3 Re7 32.a4 a5 33.Qf5 Qxf5+ 34.Rxf5 Be5 35.f4 Rd7+ 36.Ke4 Bd4
37.Bd2 Re7+ 38.Kf3 Kc6 39.g5 fxg5 40.fxg5 hxg5 41.Rxg5 Kb7 42.Rd5 Kc6 43.Bf4 Re1
44.Rd6+ Kb7 45.Rd7+ Ka8 46.Rf7 Rh1 47.Rf5 Re1 48.Rf8+ Kb7 49.Rf7+ Ka8 50.Rd7 Rh1
51.Rd5 Re1 52.Kg4 Rb1 53.Be5 Rxb3 54.Bxd4 cxd4 55.Rxd4 Kb7 56.Rd7+ Kc6 57.Rxg7 Rc3
58.h6 Rxc4+ 59.Kg5 Rc5+ 60.Kg6 Rc1 61.h7 Rh1 62.Rf7 Rg1+ 63.Kf6 Rh1 64.Kg7 Rg1+
65.Kf8 Rh1 66.Kg8 b5 67.Rf6+ Kc5 68.Rf5+ Kb4 69.axb5 Rg1+ 70.Kf7 Rh1 71.Kg6 a4
72.Rh5 Rg1+ 73.Kh6 a3  1-0

[Event "World op"]
[Site "Philadelphia"]
[Date "1989.??.??"]
[Round "7"]
[White "Miles, Anthony J"]
[Black "Alburt, Lev O"]
[Result "0-1"]
[WhiteElo "2520"]
[BlackElo "2520"]

1.d4 Nf6 2.Nf3 c5 3.d5 e6 4.c4 b5 5.dxe6 fxe6 6.cxb5 Bb7 7.Nc3 Be7 8.e3 O-O
9.Bd3 d5 10.O-O Qd6 11.Re1 Nbd7 12.b3 Ng4 13.h3 Nxf2 14.Kxf2 Bh4+ 15.Kg1 Rxf3
16.Qxf3 Bxe1 17.Bb2 Rf8 18.Bxh7+ Kxh7 19.Qh5+ Kg8 20.Rxe1 Qg3 21.Re2 d4 22.exd4 Bf3
23.Ne4 Bxe4 24.Rxe4 Rf2 25.Qe8+ Nf8  0-1

[Event "World op"]
[Site "Philadelphia"]
[Date "1989.??.??"]
[Round "9"]
[White "Miles, Anthony J"]
[Black "Polaczek, Richard"]
[Result "1/2-1/2"]
[WhiteElo "2520"]
[BlackElo "2375"]

1.d4 Nf6 2.c4 e6 3.Nf3 b6 4.a3 Ba6 5.Qc2 Bb7 6.Nbd2 d5 7.e3 Be7 8.Bd3 Nbd7
9.e4 dxe4 10.Nxe4 c5 11.dxc5 Nxc5 12.Nxc5 Bxc5 13.Qe2 Ng4 14.O-O Bxf3 15.gxf3 Nf6
16.f4 O-O 17.f5 e5 18.Bg5 Qd6 19.Rad1 Bd4 20.Be4 Rac8 21.Bxf6 Qxf6 22.Kh1 Rc7
23.Rg1 Rfc8 24.b3 Bc5 25.Rd3 Bxa3 26.Qh5 b5 27.Rdg3 Bf8 28.Rh3 h6 29.Bd5 Kh8
30.cxb5 Rd8 31.Bc4 Rd4 32.Qf3 e4 33.Qh5 Rd2 34.Rf1 Bc5 35.Qg4 Re7 36.Qf4 Rd8
37.Rg1 Rd6 38.Rhg3 g5 39.Rxg5 hxg5 40.Rxg5 Qh6 41.f6 Rd1+ 42.Kg2 Re8 43.h4 e3
44.Qf3 Rd2 45.Kh3 Rxf2 46.Qd5 Qxf6 47.Rh5+ Kg7 48.Rg5+ Kh8 49.Rh5+ Kg7 50.Rg5+ Kf8
51.Qxc5+ Qe7 52.Qd4 Rf6 53.Rf5 Rh6 54.Bxf7 Qxf7 55.Qf4 Qxf5+ 56.Qxf5+ Kg8
57.Qg4+ Kf7 58.Qd7+ Re7 59.Qf5+ Rf6 60.Qh7+ Ke8 61.Qg8+ Rf8 62.Qg6+ Rff7
63.Qc6+ Kf8 64.Qc8+ Kg7 65.Qg4+ Kh8 66.Qh5+ Rh7 67.Qf5 Rhf7 68.Qh5+ Kg8 69.Qg4+ Kf8  1/2-1/2

[Event "World op"]
[Site "Philadelphia"]
[Date "1989.??.??"]
[Round "10"]
[White "Miles, Anthony J"]
[Black "Odendahl, Steven M"]
[Result "1/2-1/2"]
[WhiteElo "2520"]
[BlackElo "2415"]

1.d4 Nf6 2.c4 e6 3.Nf3 d5 4.Nc3 Be7 5.Qc2 c5 6.dxc5 Nc6 7.e3 Bxc5 8.a3 a5
9.b3 O-O 10.Bb2 Qe7 11.Na4 Ba7 12.Bd3 dxc4 13.bxc4 Bd7 14.Rd1 e5 15.Nc3 Rac8
16.Qb1 Rfe8 17.Nd5 Nxd5 18.Bxh7+ Kh8 19.cxd5 Nd4 20.Bd3 Nxf3+ 21.gxf3 Qh4
22.Ke2 Bxe3 23.fxe3 e4 24.Bxe4 Bb5+ 25.Bd3 Qg5 26.Bxg7+ Kg8 27.e4 Rxe4+ 28.fxe4 Qg2+
29.Ke3 Qg5+ 30.Ke2 Qg2+ 31.Ke3 Qg5+ 32.Kf3 Qh5+ 33.Kf4 Qh4+ 34.Kf5 Qh5+ 35.Kf4 Qh4+
36.Kf3 Qh3+ 37.Kf2 Qh4+ 38.Ke3  1/2-1/2

[Event "Adelaide op"]
[Site "Adelaide"]
[Date "1990.??.??"]
[Round "6"]
[White "Miles, Anthony J"]
[Black "Kagan, Naum"]
[Result "1/2-1/2"]
[WhiteElo "2595"]
[BlackElo "2295"]

1.d4 Nf6 2.Nf3 g6 3.c4 Bg7 4.Nc3 d5 5.Bg5 Ne4 6.cxd5 Nxg5 7.Nxg5 e6 8.Qd2 exd5
9.Qe3+ Kf8 10.Nf3 c5 11.dxc5 Nc6 12.Qd2 Bf5 13.e3 d4 14.exd4 Nxd4 15.O-O-O Ne6
16.Qxd8+ Rxd8 17.Rxd8+ Nxd8 18.Bc4 Bh6+ 19.Kd1 Nc6 20.h3 Kg7 21.g4 Rd8+ 22.Ke2 Nd4+
23.Nxd4 Rxd4 24.gxf5 Rxc4 25.Rd1 gxf5 26.Rd7 Rxc5 27.Rxb7 Bc1 28.Kd3 a5 29.b4 axb4
30.Rxb4 Ba3 31.Rb5 Rxb5 32.Nxb5 Bc5 33.f4 Kg6 34.a4 Bb6 35.Ke2 Kf6 36.Nd6 Ke6
37.Nc4 Bc7 38.Kf3 Kd5 39.Ne5 f6 40.Nd3 Kc4 41.Nc1 Kb4 42.Ne2 Kxa4 43.Nd4 Kb4
44.Nxf5 Kc5 45.Ke4 Kc6 46.Ne3 h5 47.Kf5 Kc5 48.Ke4 Kd6 49.Nf5+ Ke6 50.Ng3 Ba5
51.f5+ Kf7 52.Nxh5 Be1 53.Nf4 Kg7 54.Nh5+ Kf7 55.Kd5 Bf2 56.Kc6 Bd4 57.Ng3 Be5
58.Ne4 Ke7 59.Nc5 Bd4 60.Ne6 Be3 61.Nc7 Kf7 62.Kd7 Bd4 63.Nb5 Bb2 64.Nd6+ Kg7
65.Ke6 Kh6 66.Ne4 Kh5 67.Nxf6+ Kh4 68.Ng4 Kxh3 69.Ne5 Kh4 70.f6 Kg5 71.Nf3+ Kg6
72.Nh4+ Kg5 73.f7 Ba3 74.Nf5 Kg6 75.f8=N+ Bxf8 76.Ne7+ Bxe7 77.Kxe7  1/2-1/2

[Event "Adelaide op"]
[Site "Adelaide"]
[Date "1990.??.??"]
[Round "7"]
[White "Canfell, Gregory"]
[Black "Miles, Anthony J"]
[Result "1/2-1/2"]
[WhiteElo "2215"]
[BlackElo "2595"]

1.e4 Nc6 2.d4 e5 3.dxe5 Nxe5 4.Nf3 Bb4+ 5.c3 Bd6 6.Nbd2 Nxf3+ 7.Qxf3 Qf6
8.Bc4 Bf4 9.O-O d6 10.Qd3 Ne7 11.g3 Bh6 12.f4 O-O 13.Nf3 Bh3 14.Rf2 d5 15.exd5 c6
16.dxc6 Rad8 17.Qc2 Bf5 18.Qe2 Nxc6 19.Be3 Rfe8 20.Re1 a6 21.Bd4 Rxe2 22.Rfxe2 Qd6
23.Re8+ Qf8 24.Rxf8+ Rxf8 25.Ne5 Nxe5 26.Rxe5 g6 27.Re7 b5 28.Bb3 Bg7 29.Bc5 h5
30.Ra7 Rd8 31.Rxf7 Kh8 32.Be3 a5 33.Rb7 a4 34.Bf7 Rd1+ 35.Kf2 Rb1 36.Rb8+ Kh7
37.Bg8+ Kh6 38.Rxb5 a3 39.b4 Rb2+ 40.Kf3 Bg4+ 41.Ke4 Bf5+ 42.Kd5 Rxa2 43.Ra5 Re2
44.Bc5 Bxc3 45.Rxa3 Bxb4 46.Ra7 Be6+ 47.Kc6 Bxg8 48.Bxb4 Re6+ 49.Kb5 Rf6
50.Bc3 Rf7 51.Ra8 Kh7 52.h4 Rc7 53.Be5 Rd7 54.Rb8 Ra7 55.Rd8 Rb7+ 56.Kc6 Rf7
57.Rd7  1/2-1/2

[Event "Adelaide op"]
[Site "Adelaide"]
[Date "1990.??.??"]
[Round "8"]
[White "Miles, Anthony J"]
[Black "Hay, Trevor"]
[Result "1-0"]
[WhiteElo "2595"]
[BlackElo "2340"]

1.d4 g6 2.e4 Bg7 3.c4 d6 4.Nc3 c6 5.Nf3 a6 6.Be2 b5 7.O-O Bg4 8.Be3 Nd7 9.Qb3 e6
10.cxb5 cxb5 11.Qb4 Qb8 12.Bf4 Bf8 13.a4 bxa4 14.Qxa4 Nf6 15.e5 Nh5 16.Bg5 Ra7
17.d5 Bxf3 18.Bxf3 Bg7 19.Nb5 Nb6 20.Nxd6+ Kf8 21.Qb4 Bxe5 22.Nc4+ Kg7 23.Nxe5  1-0

[Event "Adelaide op"]
[Site "Adelaide"]
[Date "1990.??.??"]
[Round "9"]
[White "Ginting, Nasib"]
[Black "Miles, Anthony J"]
[Result "0-1"]
[WhiteElo "2385"]
[BlackElo "2595"]

1.d4 Nf6 2.c4 g6 3.g3 Bg7 4.Bg2 d5 5.Nf3 dxc4 6.Na3 c3 7.bxc3 O-O 8.O-O c5
9.e3 Nc6 10.Qe2 Bg4 11.h3 Be6 12.Bb2 Qc8 13.Kh2 Bd5 14.c4 Be4 15.Rfd1 Rd8
16.d5 Nb8 17.Nb5 Nbd7 18.Nc3 Qc7 19.d6 exd6 20.Nb5 Qb6 21.Rxd6 Bc6 22.a4 Ne8
23.Bxg7 Nxd6 24.a5 Qa6 25.Nxd6 Kxg7 26.e4 Kg8 27.Qb2 Bd5 28.exd5 Qxd6 29.Qxb7 Rac8
30.Re1 Rc7 31.Qb2 Rb8 32.Qd2 Rcb7 33.Qh6 Rb2 34.Nd2 Nf6 35.Bf3 Re8 36.Rxe8+ Nxe8
37.Ne4 Qe5 38.Bg2 Nf6 39.Nxc5 Rxf2 40.Nd3 Rxg2+ 41.Kxg2 Qe4+ 42.Kf2 Qxd3
43.Qf4 Ne4+ 44.Kg2 Qe2+  0-1

[Event "Bad Woerishofen op"]
[Site "Bad Woerishofen"]
[Date "1990.??.??"]
[Round "?"]
[White "Miles, Anthony J"]
[Black "Klinger, Josef"]
[Result "*"]
[WhiteElo "2580"]
[BlackElo "2475"]

1.c4 c5 2.g3 Nf6 3.Bg2 e6 4.Nf3 Be7 5.O-O O-O 6.b3 a6 7.d4 cxd4 8.Nxd4 Qc7
9.Bb2 d6 10.Nc3 Nbd7 11.Rc1 Rd8 12.e3 Nf8 13.Qe2 Ng6 14.Rfd1 Rb8 15.Rd2 Bd7
16.h3 Be8 17.Qd1 Rbc8 18.Rcc2 Qb8 19.a4 Bc6 20.e4 Bf8 21.Qa1 h5 22.h4 Ne5
23.Rd1 g6 24.Re2 Bg7 25.a5 Be8 26.Na4 Bxa4 27.Qxa4 Qc7 28.Qa1 Ne8 29.Bh3 Nc6
30.Nxe6 fxe6 31.Bxe6+ Kh7 32.Bxc8 Qxc8 33.Bxg7 Nxg7 34.Kg2 Qe6 35.Qc3 Rf8
36.f3 Rf7 37.Rd5 Ne8 38.Re3 Ne7 39.Rg5 Ng7 40.f4 Qf6 41.f5 Qxc3 42.Rxc3  *

[Event "Bad Woerishofen op"]
[Site "Bad Woerishofen"]
[Date "1990.??.??"]
[Round "?"]
[White "Miles, Anthony J"]
[Black "Kamp, Christoph"]
[Result "1-0"]
[WhiteElo "2580"]
[BlackElo "2250"]

1.d4 e6 2.Nf3 Nf6 3.c4 b6 4.a3 Bb7 5.Nc3 d5 6.cxd5 Nxd5 7.Bd2 Nd7 8.Qc2 Be7
9.e4 Nxc3 10.Bxc3 O-O 11.O-O-O Qc8 12.Bc4 c6 13.Ba2 a5 14.Bb1 Rd8 15.Rhe1 b5
16.d5 Nf8 17.dxe6 Rxd1+ 18.Qxd1 Nxe6 19.Nd4 b4 20.Nf5 Bg5+ 21.Bd2 Qd8 22.h4 Bxd2+
23.Qxd2 Qxd2+ 24.Kxd2 Rd8+ 25.Ke3 g6 26.Nh6+ Kf8 27.Bd3 Nc5 28.Bc4 Rd7 29.axb4 axb4
30.Ra1 Re7 31.f3 Kg7 32.Nxf7 Rxf7 33.Ra5 Rf8 34.Rxc5 Ra8 35.Bb3 Ra1 36.Rc4 Re1+
37.Kf4 Re2 38.Rxb4 Ba6 39.Rb6 Bb5 40.Rb7+ Kf8 41.Kg5 Rxb2 42.Kf6 Ke8 43.Be6  1-0

[Event "Bad Woerishofen op"]
[Site "Bad Woerishofen"]
[Date "1990.??.??"]
[Round "?"]
[White "Miles, Anthony J"]
[Black "Mestrovic, Zvonimir"]
[Result "1-0"]
[WhiteElo "2580"]
[BlackElo "2440"]

1.d4 Nc6 2.Nf3 d6 3.d5 Ne5 4.Nxe5 dxe5 5.e4 Nf6 6.Nc3 a6 7.f4 Qd6 8.Qf3 Nd7
9.f5 g6 10.Be3 gxf5 11.exf5 Bh6 12.O-O-O Bxe3+ 13.Qxe3 Nf6 14.Bd3 Rg8 15.Kb1 b6
16.g3 Bb7 17.Rhe1 Ng4 18.Qe2 Qh6 19.f6 Qxf6 20.Bxh7 Rg7 21.Ne4 Qh6 22.Bf5 Bc8
23.Bxc8 Rxc8 24.Qxa6 Rd8 25.Qa4+ Kf8 26.Qa7 f5 27.Qxc7 Re8 28.d6 exd6 29.Qxd6+ Kg8
30.Qxh6  1-0

[Event "Bad Woerishofen op"]
[Site "Bad Woerishofen"]
[Date "1990.??.??"]
[Round "?"]
[White "Mohr, Stefan"]
[Black "Miles, Anthony J"]
[Result "0-1"]
[WhiteElo "2425"]
[BlackElo "2580"]

1.d4 Nf6 2.c4 g6 3.Nc3 Bg7 4.e4 d6 5.Be2 O-O 6.Bg5 Na6 7.f4 Qe8 8.Nf3 e5
9.fxe5 dxe5 10.d5 h6 11.Bxf6 Bxf6 12.a3 Qe7 13.O-O Rd8 14.Rb1 c5 15.Qd2 Bg7
16.Rfd1 Bd7 17.b4 Qd6 18.Qe3 Bf8 19.Nb5 Bxb5 20.cxb5 Nc7 21.Nd2 cxb4 22.axb4 Ne8
23.Nc4 Qe7 24.b6 axb6 25.Nxb6 Rab8 26.Rdc1 Nd6 27.Bd3 Re8 28.Rc2 Qd8 29.Rbc1 Be7
30.Qf2 Bg5 31.Rf1 Rf8 32.Nc4 Nxc4 33.Rxc4 h5 34.g3 h4 35.Be2 Ra8 36.Bg4 Kg7
37.Kg2 Qe7 38.Qc5 Ra2+ 39.Rf2 Rxf2+ 40.Kxf2 Qf6+ 41.Kg2 Rh8 42.Rc2 hxg3 43.hxg3 Bf4
44.Qf2 Qg5 45.Qf3 Qh6 46.Kf1 Bxg3 47.Rc7 Bf4 48.Be6 Rf8 49.d6 Qh4 50.d7 Rd8
51.Bh3 Ra8 52.Ke2 Ra2+ 53.Kd3 Qf6 54.Kc4 Qa6+  0-1